| 000 | 00702nam a2200229 a 4500 | ||
|---|---|---|---|
| 001 | 000033112 | ||
| 003 | DO-SdBNP | ||
| 005 | 20220727114911.0 | ||
| 007 | ta | ||
| 008 | 110817s1934 dr 000 0 spa d | ||
| 040 |
_aDO-SdBNP _bspa _cBNPHU |
||
| 082 |
_axxx _bD542l |
||
| 100 |
_aDíaz, HéctorJ., _d1910-1950 _958780 _qZajhdi |
||
| 245 | 1 | 0 |
_aLirios negros : _bpoesías / _cHéctor J. Díaz ; prólogo Diódoro Danilo. |
| 260 |
_aSanto Domingo : _b[s.n], _c1934. |
||
| 300 |
_a40 p. ; _c23 cm. |
||
| 590 | _aInventariado, 2022/ YL | ||
| 590 | _aPerteneció a la biblioteca personal de Julio Ortega Frier. | ||
| 700 | 1 |
_aDanilo, Diódoro, _epról. _92494 |
|
| 910 | _aYLockward | ||
| 942 |
_2ddc _cLF2 |
||
| 999 |
_c32603 _d32603 |
||